[Event "Stuttgart-chB int"]
[Site "Ditzingen"]
[Date "2018.05.10"]
[Round "1"]
[White "Strauss, Martin"]
[Black "Lerche, Philipp"]
[Result "0-1"]
[WhiteElo "1810"]
[BlackElo "1694"]
[PlyCount "99"]
[EventDate "2018.05.10"]
[EventType "swiss"]
[EventRounds "7"]
[EventCountry "GER"]
[SourceTitle "EXT 2020"]
[Source "ChessBase"]
[SourceDate "2019.10.17"]
[SourceVersion "1"]
[SourceVersionDate "2019.10.17"]
[SourceQuality "1"]

1. e4 c5 2. Nf3 d6 3. Bb5+ Nd7 4. Nc3 a6 5. Bc4 e6 6. a4 b6 7. d3 Ngf6 8. Bg5 Be7 9. 0-0 0-0 10. Re1 Bb7 11. Qe2 Re8 12. Bb3 Qc7 13. Nd2 h6 14. Bf4 Bc6 15. Nc4 b5 16. Nd2 Qb7 17. Qf3 Nb6 18. axb5 axb5 19. Ne2 c4 20. Ba2 Ra7 21. Be3 Rea8 22. Bxb6 Qxb6 23. Nc1 Nd7 24. dxc4 Ne5 25. Qb3 Bg5 26. Nf3 Nxf3+ 27. gxf3 Qa5 28. Nd3 bxc4 29. Qxc4 Qb5 30. Qd4 Rxa2 31. Rxa2 Rxa2 32. Qxd6 Ra7 33. c4 Qb7 34. Ne5 Bf4 35. Qd8+ Kh7 36. Nd3 Bg5 37. Qd4 Ra8 38. f4 Re8 39. Qe3 Be7 40. Ra1 Qb3 41. Ne5 Qxe3 42. fxe3 Bxe4 43. Nxf7 Rb8 44. Ra2 Bc5 45. Kf2 Rb3 46. Ra5 Bxe3+ 47. Ke2 Bxf4 48. Rb5 Rxb5 49. cxb5 Bc7 50. Ke3 0-1

[Event "Ulm/Neu Ulm-ch"]
[Site "Ulm/Neu Ulm"]
[Date "2017.09.22"]
[Round "1"]
[White "Lerche, Philipp"]
[Black "Jaskula, Martin"]
[Result "1/2-1/2"]
[WhiteElo "1610"]
[BlackElo "1872"]
[PlyCount "67"]
[EventDate "2017.09.22"]
[EventType "swiss"]
[EventRounds "7"]
[EventCountry "GER"]
[SourceTitle "EXT 2019"]
[Source "ChessBase"]
[SourceDate "2018.10.10"]
[SourceVersion "1"]
[SourceVersionDate "2018.10.10"]
[SourceQuality "1"]

1. e4 d6 2. d4 Nf6 3. Nc3 Nbd7 4. f4 c5 5. e5 cxd4 6. Qxd4 dxe5 7. fxe5 Ng8 8. e6 fxe6 9. Bf4 e5 10. Bxe5 Nxe5 11. Qxe5 Qd6 12. Qxd6 exd6 13. Nd5 Kd8 14. Ne2 Ne7 15. Nec3 Nxd5 16. Nxd5 g6 17. 0-0-0 Bg4 18. Re1 Bf5 19. Bc4 Rc8 20. Bb3 Rc5 21. h3 Bxc2 22. Bxc2 Rxd5 23. Rhf1 Bh6+ 24. Kb1 Rf8 25. Rxf8+ Bxf8 26. Rf1 Ke7 27. Bb3 Rf5 28. Rxf5 gxf5 29. Bd5 b6 30. Kc2 Kf6 31. Kd3 Ke5 32. Bf3 Be7 33. a4 d5 34. b3 1/2-1/2